000 00319 a2200157 4500
001 173674
020 _a
040 _cMagnum
100 _aPaschoal, Engel
240 1 0 _aO relogio de urupa
_lpor
245 1 0 _aO relogio de urupa
362 0 _a1899
440 1 _aMelhoramentos
697 _aIJ/GERAL
942 _cBK
999 _c173674
_d173674